| 000 | 01130nam a22002897a 4500 | ||
|---|---|---|---|
| 005 | 20260704182635.0 | ||
| 008 | 260627e2011 mx o|||gr|||| 001 0 spa d | ||
| 020 | _a968-6510-29-4 | ||
| 040 |
_aBPGM _bSPA |
||
| 041 |
_aSPA _hSPA |
||
| 082 | 0 | 4 |
_aCQ / 972.45 _bA75 |
| 100 | _aARMAS BRIZ, LUZ AMELIA | ||
| 240 | _aHISTORIA Y MONUMENTOS DEL ESTADO DE QUERÉTARO | ||
| 245 | _aHISTORIA Y MONUMENTOS DEL ESTADO QUERÉTARO | ||
| 260 |
_aMéxico _bGobierno del Estado de Querétaro , FONDO EDITORIAL DE QUERÉTARO _c2011 |
||
| 300 |
_a318 PÁGINAS _c20.9 CM x 13.9 CM |
||
| 336 |
_2rdacontent _atexto _btxt |
||
| 337 |
_2rdamedia _asin mediación _bn |
||
| 338 |
_2rdacarrier _avolumen _bnc |
||
| 505 | _aOfrece una revisión histórica del estado con el objetivo de contextualizar sus monumentos y patrimonio cultural, organizando la información por regiones y cronologías. | ||
| 650 | _2GEOGRAFIA E HISTORIA | ||
| 650 | _2HISTORIA GENERAL DE AMERICA DEL NORTE | ||
| 650 | _2MESOAMERICA,MEXICO | ||
| 700 |
_aSOLÍS HERNÁNDEZ, OLIVIA _eCO AUTORA |
||
| 700 |
_aZÁRATE MIGUEL, GUADALUPE _eCO AUTORA |
||
| 942 |
_2ddc _cCOLQ |
||
| 999 |
_c68685 _d68685 |
||